| 000 | 01110cam a2200289 a 4500 | ||
|---|---|---|---|
| 001 | 12034335 | ||
| 003 | OSt | ||
| 005 | 20170704155736.0 | ||
| 008 | 000608s2001 cau b 001 0 eng | ||
| 010 | _a 00043371 | ||
| 020 | _a0534549748 (pbk.) | ||
| 040 |
_aDLC _cDLC _dDLC |
||
| 043 | _an-us--- | ||
| 050 | 0 | 0 |
_aRC466 _b.D38 2001 |
| 082 | 0 | 0 |
_a362.2/04256/068 _221 |
| 100 | 1 |
_aDavis, Susan R., _d1956- |
|
| 245 | 1 | 4 |
_aThe elements of managed care : _ba guide for helping professionals / _cSusan R. Davis, Scott T. Meier. |
| 260 |
_aBelmont, CA : _bWadsworth Thomson Learning, _cc2001. |
||
| 300 |
_ax, 107 p. : _bill. ; _c24 cm. |
||
| 504 | _aIncludes bibliographical references (p. 95-104) and index. | ||
| 650 | 0 |
_aMental health counseling _xPractice _zUnited States. |
|
| 650 | 0 |
_aManaged mental health care _zUnited States. |
|
| 700 | 1 |
_aMeier, Scott T., _d1955- |
|
| 906 |
_a7 _bcbc _corignew _d1 _eocip _f20 _gy-gencatlg |
||
| 942 |
_2lcc _cBK |
||
| 999 |
_c50976 _d50976 |
||